Product lifecycle management

Spremljeno u:
Bibliografski detalji
Format: Sách
Jezik:Undetermined
Izdano: MCGraw-Hill  2006
Teme:
Oznake: Dodaj oznaku
Bez oznaka, Budi prvi tko označuje ovaj zapis!
Thư viện lưu trữ: Trung tâm Thư viện - Trường Đại học Công nghiệp TP. Hồ Chí Minh
LEADER 00393nam a2200133Ia 4500
001 UIH_08015
008 231011s9999 xx 000 0 und d
082 |a  658.5 
245 0 |a  Product lifecycle management 
260 |b MCGraw-Hill 
260 |c  2006 
650 |a  Sản phẩm;  
927 |a Sách 
980 |a Trung tâm Thư viện - Trường Đại học Công nghiệp TP. Hồ Chí Minh